Statistics for Click the Oceanian Country Code

Click here to take the quiz!

General Stats

  • This quiz has been taken 166 times
  • The average score is 13 of 14

Answer Stats

HintAnswer% Correct
New ZealandNZ
98%
AustraliaAU
97%
FijiFJ
97%
KiribatiKI
97%
Marshall IslandsMH
97%
NauruNR
97%
TongaTO
97%
TuvaluTV
97%
Federated States of MicronesiaFM
96%
VanuatuVU
96%
Papua New GuineaPG
95%
PalauPW
92%
Solomon IslandsSB
88%
SamoaWS
73%

Score Distribution

Percentile by Number Answered

Percent of People with Each Score

Your Score History

You have not taken this quiz